[Event "Bayern-ch Seniors 19th"]
[Site "Schloss Schney"]
[Date "2007.06.19"]
[Round "8"]
[White "Rosmann, Armin"]
[Black "Bikteev, Valeri"]
[Result "1-0"]
[WhiteElo "1514"]
[BlackElo "1557"]
[PlyCount "89"]
[EventDate "2007.06.12"]
[EventType "swiss"]
[EventRounds "9"]
[EventCountry "GER"]
[SourceTitle "EXT 2008"]
[Source "ChessBase"]
[SourceDate "2007.11.25"]
[SourceVersion "1"]
[SourceVersionDate "2007.11.25"]
[SourceQuality "1"]

1. Nf3 Nf6 2. d4 e6 3. c4 d5 4. e3 Nbd7 5. cxd5 exd5 6. Be2 Be7 7. Nc3 a6 8. Ne5 0-0 9. 0-0 c6 10. b3 Ne4 11. Nxe4 dxe4 12. Qc2 Nxe5 13. dxe5 f5 14. exf6 Bxf6 15. Ba3 Bxa1 16. Bxf8 Qxf8 17. Rxa1 Bf5 18. Rd1 Kh8 19. g4 Bg6 20. Rd7 Rb8 21. a4 Be8 22. Rd4 Bg6 23. h4 h6 24. Qc3 Qf6 25. h5 Rf8 26. Qe1 Bf7 27. Rxe4 Bd5 28. Rf4 Qe7 29. Rxf8+ Qxf8 30. f3 Bxb3 31. a5 Qc5 32. Qd2 Bc4 33. Qc1 Qxa5 34. Qxc4 b5 35. Qd3 c5 36. Kf2 Qc7 37. f4 c4 38. Qa3 Qc8 39. Qc3 Qc7 40. Qe5 Qd8 41. Kf3 Qc8 42. Qc3 Qc7 43. Qa3 Qc6+ 44. Kg3 b4 45. Qxb4 1-0